| 000 | 00765cam a2200205 a 4500 | ||
|---|---|---|---|
| 999 |
_c7427 _d7427 |
||
| 003 | OSt | ||
| 005 | 20211123135725.0 | ||
| 008 | 120123s2011 sp a 000 0 spa | ||
| 020 | _a9788415177319 | ||
| 040 |
_aDLC _cDLC _dCDMR _bcat |
||
| 100 | 1 |
_aChaves Nogales, Manuel _d1897-1944 _93658 |
|
| 245 | 1 | 3 |
_aLa defensa de Madrid / _cManuel Chaves Nogales ; edición de Ma. Isabel Cintas Guillén ; prólogo de Antonio Muñoz Molina. |
| 260 |
_aSevilla : _bEspuela de Plata Ediciones, _c2011. |
||
| 300 |
_a213 p. : _bil.lustracions ; _c22 cm. |
||
| 490 | 0 |
_aEspaña en armas ; _v21 |
|
| 650 | 0 |
_9797 _aReportatges literaris |
|
| 651 | 0 |
_aEspanya _xHistòria _y1936-1939, Guerra Civil _94698 _vRelats personals |
|
| 700 | 1 | _aCintas Guillén, María Isabel. | |
| 942 |
_2udc _cMON |
||